00361 a2200109 4500001001000000005001700010008004100027245009800068100001900166700002400185773004200209ART_4570920260410161630.0260409a 10aLos efectos de la inestabilidad económica y política en el mercado agropecuario argentino1 aFano, Diego G.1 aGibson, Victoria E.0 tEnfoquesg- Nº 4 (abr. 2018)wREV416